Príručka zemepisu Československej republiky pre školy 3. stupňa a pre súkromnú potrebu

Bibliographic Details
Main Author: Hromádka, Jan, 1886-1968 (Author)
Format: Book
Language:Slovak
PhysicalDescription:260, [7] s.bilustr. V. 8°
Published: Bratislava Štátne nakladateľstvo 1949
Edition:1. vyd.
Subjects:

MARC

LEADER 00000cam a2200000 a 4500
001 vtls008374536
003 SK-MaSNL
005 20260311133540.0
008 230403s1949 xo 000 0 slo
015 |a SNBA19451955-004018 
035 |a SK01SNKBKSFS20020066753 
035 |a urn:nbn:sk:snk-am3idnj 
035 |a urn:nbn:sk:snk-am00e63a 
035 |a C3C98E69-870F-440C-A384-0446B6636CA7 
035 |a SKM000069216 
040 |a SNK  |b slo  |c SNK  |e AACR2 
041 0 |a slo 
044 |a xo  |c SK 
080 |a 914.37  |2 1981 
100 1 |a Hromádka, Jan,  |d 1886-1968  |4 aut  |9 110866 
245 1 0 |a Príručka zemepisu Československej republiky pre školy 3. stupňa a pre súkromnú potrebu  |c Ján Hromádka 
250 |a 1. vyd. 
260 |a Bratislava  |b Štátne nakladateľstvo  |c 1949  |e Turčiansky Sv. Martin  |f Kníhtlačiarsky účastinársky spolok 
300 |a 260, [7] s.bilustr.  |c V. 8° 
366 |e 10000 výtl. 
650 0 7 |a geografia  |2 SNKPH  |9 823 
651 7 |a Československo  |2 SNKPH  |9 21376 
655 7 |a učebnice  |2 SNKPH  |9 22521 
655 7 |a príručky  |2 SNKPH  |9 74364 
852 |a Slovenská národná knižnica 
954 |a odborná, vedecká literatúra pôvodná (slovenská)  |2 lita 
958 |a OND 
958 |a RK 
958 |a TL 
958 |a EUIPO 
999 |c 851007  |d 852937 
952 |a SNK  |b SNK  |y VYP  |7 0  |p 17A0199133  |o snkSD 6504 D1  |i snkKSF 5139/57  |8 5  |0 0  |1 0  |4 0  |d 2009-05-06  |l 0  |r 2026-02-24 04:41:08  |w 2026-02-24 
952 |a SNK  |b SNK  |y VYP  |7 0  |p 17A0616953  |o snkSD 6504 D2  |i snkF 3934/64  |8 5  |0 0  |1 0  |4 0  |d 2009-05-06  |l 0  |r 2026-02-24 04:41:08  |w 2026-02-24 
952 |a SNK  |b SNK  |y PREZ  |7 0  |p 17A0912346  |o snkSD 6504  |i snk6386/49  |0 0  |1 0  |4 0  |d 2019-03-14  |f 1  |l 0  |r 2025-11-14 00:00:00  |w 2026-02-24